000 00436nam a2200145 4500
008 240713b |||||||| |||| 00| 0 eng d
020 _a9780007269709
_qpbj
041 _aENG
082 _a823.912
100 _aTolkien, J.R.R
245 _aThe fellowship of the ring
_bbeing the first part of the lord of the rings
_cJ.R.R. Tolkien
260 _aLondon
_bHaper Collins
_c2008
300 _axxix, 531 p.
_bMaps
_c18cm.
942 _cENGLISH
999 _c514811
_d514811